UBT Library

The joy of teaching : (Record no. 40034)

000 -LEADER
fixed length control field 00917cam a2200277 a 4500
001 - CONTROL NUMBER
control field 14574737
005 - DATE AND TIME OF LATEST TRANSACTION
control field 20180110081956.0
008 - FIXED-LENGTH DATA ELEMENTS--GENERAL INFORMATION
fixed length control field 060928s2008 maua b 001 0 eng
010 ## - LIBRARY OF CONGRESS CONTROL NUMBER
LC control number 2006051513
020 ## - INTERNATIONAL STANDARD BOOK NUMBER
International Standard Book Number 0205405592
020 ## - INTERNATIONAL STANDARD BOOK NUMBER
International Standard Book Number 9780205405596
035 ## - SYSTEM CONTROL NUMBER
System control number (OCoLC)ocm71812895
035 ## - SYSTEM CONTROL NUMBER
System control number (OCoLC)71812895
040 ## - CATALOGING SOURCE
Original cataloging agency DLC
Transcribing agency DLC
Modifying agency YDX
-- BAKER
-- BTCTA
-- YDXCP
-- DLC
041 ## - LANGUAGE CODE
Language code of text/sound track or separate title eng
043 ## - GEOGRAPHIC AREA CODE
Geographic area code n-us---
080 ## - UNIVERSAL DECIMAL CLASSIFICATION NUMBER
Universal Decimal Classification number 371.102 HAL
082 00 - DEWEY DECIMAL CLASSIFICATION NUMBER
Classification number 371.102 HAL
Edition number 22
100 1# - Rafti
Rafti 46
101 ## - Shkurtesa
Shkurtesa EDU
245 14 - TITLE STATEMENT
Title The joy of teaching :
Statement of responsibility, etc Gene E. Hall, Linda F. Quinn, Donna M. Golnick.
504 ## - BIBLIOGRAPHY, ETC. NOTE
Bibliography, etc Includes bibliographical references (p. 577-589) and indexes.
906 ## - LOCAL DATA ELEMENT F, LDF (RLIN)
a 7
b cbc
c orignew
d 1
e ocip
f 20
g y-gencatlg
942 ## - ADDED ENTRY ELEMENTS (KOHA)
Source of classification or shelving scheme
Item type Books
Holdings
Withdrawn status Lost status Source of classification or shelving scheme Damaged status Not for loan Collection code Permanent location Current location Shelving location Date acquired Total Checkouts Full call number Barcode Date last seen Price effective from Koha item type
          Koleksioni i përgjithshem UBT - Lipjan UBT - Lipjan Koleksioni i përgjithshem 01/10/2018   371.102 HAL 002-2995077 01/10/2018 01/10/2018 Books
UBT Library © 2015-2024. All rights reserved University Education for Business and Technology